Hmotný a nehmotný majetok firmy

Účtovanie v jednotlivých účtovných triedach. Problematika účtovania v účtovnej triede 0 - Investičný majetok. Obstarávanie investičného majetku. Oceňovanie investičného majetku. Vyradenie investičného majetku. Opravné položky k investičnému majetku. Účtovanie prenájmu (leasingu) investičného majetku...

Description complète

Enregistré dans:
Détails bibliographiques
Auteur principal: Takátsová, M.
Format: Chapitre de livre
Langue:slovaque
Sujets:
Tags: Ajouter un tag
Pas de tags, Soyez le premier à ajouter un tag!

MARC

LEADER 00000naa a2200000 4500
001 r022940
005 20221213095426.5
041 0 |a slo 
044 |a SK 
245 1 0 |a Hmotný a nehmotný majetok firmy  |c M. Takátsová 
520 |a Účtovanie v jednotlivých účtovných triedach. Problematika účtovania v účtovnej triede 0 - Investičný majetok. Obstarávanie investičného majetku. Oceňovanie investičného majetku. Vyradenie investičného majetku. Opravné položky k investičnému majetku. Účtovanie prenájmu (leasingu) investičného majetku. 
610 2 0 |a majetok hmotný 
610 2 0 |a majetok nehmotný 
610 2 0 |a majetok investičný 
610 2 0 |a oceňovanie 
610 2 0 |a odpisy 
610 2 0 |a účtovanie 
610 2 0 |a triedy účtové 
100 1 |a Takátsová, M.